000 00750nam a2200277 a 4500
001 80527
003 BD-RjUL
005 20221013105955.0
008 221101s1973 enk 000 0 eng
020 _a0413298906
_a0413299007 (pbk.)
035 _a(BD-RjUL)80527
040 _aDLC
_cDLC
_dDLC
_dBD-RjUL
_beng
041 _aeng
082 0 0 _223
_a822.914
_bORE 1973
100 1 _aOrton, Joe.
_95232
245 1 0 _aEntertaining Mr. Sloane /
_cJoe Orton; with a new introduction by John Lahr.
260 _aLondon :
_bEyre Methuen,
_c1973.
300 _a97 p.;
_c20 cm.
350 _a£2.20
500 _aA play.
650 _aEnglish drama
942 _2ddc
_cBK
999 _c80527
_d80527